| 000 | 00459nam a2200169Ia 4500 | ||
|---|---|---|---|
| 003 | GCL | ||
| 008 | 140319s9999 xx 000 0 eng d | ||
| 040 |
_aGCL / _cGCL |
||
| 082 | 0 | 4 |
_aCC _b962.053 _bA P |
| 100 | 1 | _aABDEL NASSER, GAMAL | |
| 245 | 1 | 0 |
_aLA PHILOSPHIE DE LA REVOLUTION / _cABDEL NASSER, GAMAL |
| 260 |
_a[S.N] : _bDAR AL- MAARIF |
||
| 300 | _a66 P | ||
| 650 | 0 | 4 | _aEGYPT - HISTORY - REVOLUTION |
| 650 | 0 | 4 | _aGAMAL ABD EL-NASSER |
| 942 |
_2ddc _cBK |
||
| 999 |
_c15350 _d15350 |
||